书目信息 |
| 题名: |
五位对数与三角函数表
|
|
| 作者: | ;测量计算用表编表组 编 | |
| 分册: | ||
| 出版信息: | 北京 测绘出版社 1978 |
|
| 页数: | 176页 | |
| 开本: | 26cm | |
| 丛书名: | ||
| 单 册: | ||
| 中图分类: | O1-645 | |
| 科图分类: | ||
| 主题词: | 数学表-对数 , 对数-数学表 , 数学 , 三角函数-数学表 , 数学表-三角函数 | |
| 电子资源: | ||
| ISBN: | ||
| 000 | 00745nam0 2200265 45 | |
| 001 | 0178005562 | |
| 005 | 20060819155620.37 | |
| 010 | @dCNY1.25 | |
| 091 | @a15039.新39 | |
| 100 | @a19950726d1978 em y0chiy0121 ea | |
| 101 | 0 | @achi |
| 102 | @aCN@b110000 | |
| 105 | @ay z 000yy | |
| 200 | 10 | @a五位对数与三角函数表@Awu wei dui shu yu san jiao han shu biao@f测量计算用表编表组编 |
| 210 | @a北京@c测绘出版社@d1978 | |
| 215 | @a176页@d26cm | |
| 606 | @a数学表-对数 | |
| 606 | @a对数-数学表 | |
| 606 | 0 | @a数学 |
| 606 | @a三角函数-数学表 | |
| 606 | @a数学表-三角函数 | |
| 690 | @aO1-645 | |
| 711 | 02 | @a测量计算用表编表组@Ace liang ji suan yong biao bian biao zu@4编 |
| 801 | 0 | @aCN@bNLC@c20060819 |
| 905 | @f2@b8250-251@dO1-645@e15 | |
| 五位对数与三角函数表/测量计算用表编表组编.-北京:测绘出版社,1978 |
| 176页;26cm |
| ISBN :CNY1.25 |
| ● |
| 相关链接 |
|
|
|
|
正题名:五位对数与三角函数表
索取号:O1-645/15
 
预约/预借
| 序号 | 登录号 | 条形码 | 馆藏地/架位号 | 状态 | 备注 |
| 1 | 0008249 | 001234756 | 第二样本阅览室/ [索取号:O1-645/15] | 在馆 | |
| 2 | 0008250 | 001234783 | 密集书库/ [索取号:O1-645/15] | 在馆 | |
| 3 | 0008251 | 001234765 | 第三借阅区/ [索取号:O1-645/15] | 在馆 | |
| 4 | 0431145 | 204311459 | 密集书库/ [索取号:O1-645/15] | 在馆 | |
| 5 | 0431146 | 204311468 | 密集书库/ [索取号:O1-645/15] | 在馆 | |
| 6 | 0431147 | 204311477 | 密集书库/ [索取号:O1-645/15] | 在馆 | |
| 7 | 0468931 | 204689319 | 密集书库/ [索取号:O1-645/15] | 在馆 |